000 00816nam a2200217 a 4500
999 _c2057
_d2057
001 2057
003 BD-JhCC
005 20171029095552.0
008 171029s1369 ii |||| ||a| 001 0 eng d
035 _a(BD-JhCC)2057
040 _aBD-JhCC
_dBD-JhCC
041 _aeng
082 _a891.4409
_bBAN 1369
100 _aবন্দ্যোপাধ্যায়, শ্রীকুমার
245 _aবঙ্গসাহিত্যে উপন্যাসের ধারা /
_c শ্রীকুমার বন্দ্যোপাধ্যায়,
260 _aকলিকাতা :
_bমডার্ণ বুক এজেন্সী প্রাইভেট লিমিটেড,
_c1369
300 _a774 p. :
_c24 cm.
650 _aBengali Literature
942 _2ddc
_cBK